Statistics for Flags that start with A

Click here to take the quiz!

General Stats

  • This quiz has been taken 19 times
  • The average score is 9 of 11

Answer Stats

Answer% Correct
Albania
94%
Algeria
94%
Argentina
88%
Australia
88%
Afghanistan
81%
Angola
81%
Austria
81%
Andorra
75%
Antigua and Barbuda
75%
Azerbaijan
75%
Armenia
69%

Score Distribution

Percentile by Number Answered

Percent of People with Each Score

Your Score History

You have not taken this quiz